[Event "Guernsey op 46th"]
[Site "St James"]
[Date "2022.10.17"]
[Round "2"]
[White "Kirby, Peter J"]
[Black "Phillips, Owen S"]
[Result "1-0"]
[WhiteElo "2011"]
[BlackElo "1851"]
[PlyCount "109"]
[EventDate "2022.10.16"]
[EventType "swiss"]
[EventRounds "7"]
[EventCountry "GCI"]
[SourceTitle "EXT 2024"]
[Source "ChessBase"]
[SourceDate "2023.10.10"]
[SourceVersion "1"]
[SourceVersionDate "2023.10.10"]
[SourceQuality "1"]

1. c4 c5 2. Nf3 Nc6 3. d4 cxd4 4. Nxd4 g6 5. e4 Bg7 6. Be3 Qb6 7. Nb3 Qd8 8. Nc3 Bxc3+ 9. bxc3 Nf6 10. f3 0-0 11. Be2 d6 12. 0-0 Be6 13. Nd4 Qa5 14. Nxe6 fxe6 15. Qb3 b6 16. c5 bxc5 17. Qxe6+ Kg7 18. Bd2 Rf7 19. Rfb1 Nd8 20. Qc4 e6 21. Qb5 Qc7 22. Bf4 Nxe4 23. Be5+ Nf6 24. Bg3 e5 25. Bf2 Ne6 26. Rb2 d5 27. Rab1 Rc8 28. Qa4 Qc6 29. Bb5 Qd6 30. Ba6 Rcc7 31. Bb7 Qd7 32. Qxd7 Nxd7 33. Bxd5 Ndf8 34. Bg3 Kf6 35. Re1 Nf4 36. Bxf4 exf4 37. Bxf7 Kxf7 38. Reb1 Ke6 39. Rb7 Kd6 40. Kf2 Nd7 41. Rxc7 Kxc7 42. Re1 Kd6 43. Re8 Ne5 44. Rd8+ Kc7 45. Rd5 Nd7 46. Ke2 Kc6 47. Rd1 Ne5 48. Rd8 Kb5 49. Re8 Nc6 50. Re6 a5 51. c4+ Kb6 52. Kd3 Kc7 53. a3 Kd7 54. Rf6 Ne5+ 55. Kc3 1-0

[Event "Leamington Spa 4NCL op-B 26th"]
[Site "Leamington Spa"]
[Date "2021.09.12"]
[Round "5"]
[White "Hankey, Chris"]
[Black "Phillips, Owen S"]
[Result "1-0"]
[WhiteElo "1780"]
[BlackElo "1998"]
[PlyCount "73"]
[EventDate "2021.09.10"]
[EventType "swiss"]
[EventRounds "5"]
[EventCountry "ENG"]
[SourceTitle "EXT 2023"]
[Source "ChessBase"]
[SourceDate "2022.10.05"]
[SourceVersion "1"]
[SourceVersionDate "2022.10.05"]
[SourceQuality "1"]

1. d4 e6 2. c4 b6 3. Nc3 Bb7 4. e4 d6 5. g3 Nd7 6. Bg2 g6 7. Nge2 Bg7 8. 0-0 Ne7 9. Be3 e5 10. f4 a6 11. f5 f6 12. Qd2 g5 13. g4 Nc6 14. Ng3 exd4 15. Bxd4 Nxd4 16. Qxd4 Ne5 17. Nh5 0-0 18. h3 c5 19. Qd1 Nxc4 20. Qb3 b5 21. a4 Rf7 22. Rf2 Na5 23. Qe6 b4 24. Nd5 Bc8 25. Ndxf6+ Bxf6 26. Nxf6+ Qxf6 27. Qxf6 Rxf6 28. e5 dxe5 29. Bxa8 Bb7 30. Bxb7 Nxb7 31. Re2 Rc6 32. Rxe5 c4 33. Rc1 Nd6 34. Re6 c3 35. bxc3 bxc3 36. Kf2 Kf7 37. Ke2 1-0

[Event "Leamington Spa 4NCL op-B 26th"]
[Site "Leamington Spa"]
[Date "2021.09.11"]
[Round "2"]
[White "Phillips, Owen S"]
[Black "Maladkar, Lavanya"]
[Result "1/2-1/2"]
[WhiteElo "1998"]
[BlackElo "1885"]
[PlyCount "45"]
[EventDate "2021.09.10"]
[EventType "swiss"]
[EventRounds "5"]
[EventCountry "ENG"]
[SourceTitle "EXT 2023"]
[Source "ChessBase"]
[SourceDate "2022.10.05"]
[SourceVersion "1"]
[SourceVersionDate "2022.10.05"]
[SourceQuality "1"]

1. Nf3 d5 2. b3 Nf6 3. Bb2 e6 4. h3 c5 5. d3 Nc6 6. Nbd2 Be7 7. g4 d4 8. Bg2 Nd5 9. Nc4 Nf4 10. Bf1 b5 11. Bc1 Nd5 12. Nce5 Nxe5 13. Nxe5 Bb7 14. Nf3 h5 15. g5 g6 16. h4 0-0 17. Bh3 e5 18. Bd2 Bd6 19. e3 dxe3 20. fxe3 e4 21. dxe4 Bg3+ 22. Kf1 Ne7 23. Kg2 1/2-1/2

[Event "Leamington Spa 4NCL op-B 26th"]
[Site "Leamington Spa"]
[Date "2021.09.10"]
[Round "1"]
[White "O'Gorman, Brendan"]
[Black "Phillips, Owen S"]
[Result "0-1"]
[WhiteElo "1843"]
[BlackElo "1998"]
[PlyCount "81"]
[EventDate "2021.09.10"]
[EventType "swiss"]
[EventRounds "5"]
[EventCountry "ENG"]
[SourceTitle "EXT 2023"]
[Source "ChessBase"]
[SourceDate "2022.10.05"]
[SourceVersion "1"]
[SourceVersionDate "2022.10.05"]
[SourceQuality "1"]

1. c4 d6 2. d4 c6 3. Nc3 g6 4. e4 Bg7 5. Nf3 Bg4 6. Be2 Nd7 7. Be3 a6 8. a4 Qc7 9. 0-0 Bxf3 10. Bxf3 e5 11. d5 Ne7 12. Qd2 h6 13. Rfd1 c5 14. g3 0-0-0 15. a5 f5 16. b4 f4 17. gxf4 exf4 18. Bxf4 cxb4 19. Na4 Bxa1 20. Rxa1 Rhf8 21. c5 Rxf4 22. Qxf4 Rf8 23. Nb6+ Kd8 24. cxd6 Rxf4 25. dxc7+ Kxc7 26. Rc1+ Kd8 27. Bg2 Nxb6 28. axb6 Rf6 29. e5 Rxb6 30. d6 Nf5 31. Rc7 b3 32. Be4 b2 33. Bb1 Nxd6 34. exd6 Rxd6 35. Rxb7 Rd1+ 36. Kg2 Rxb1 37. Kf3 a5 38. Ke2 a4 39. Kd2 a3 40. Ra7 Rd1+ 41. Kxd1 0-1

[Event "London Classic op 11th"]
[Site "London"]
[Date "2019.12.01"]
[Round "4"]
[White "Phillips, Owen S"]
[Black "Cordes, Hans Joerg"]
[Result "0-1"]
[WhiteElo "1902"]
[BlackElo "2188"]
[PlyCount "102"]
[EventDate "2019.11.29"]
[EventType "swiss"]
[EventRounds "9"]
[EventCountry "ENG"]
[SourceTitle "CBM 193 Extra"]
[Source "ChessBase"]
[SourceDate "2020.01.31"]
[SourceVersion "1"]
[SourceVersionDate "2020.01.31"]
[SourceQuality "1"]

1. b3 Nf6 2. Bb2 g6 3. g3 Bg7 4. Bg2 0-0 5. e4 d6 6. d3 e5 7. Nd2 Nc6 8. Ne2 d5 9. 0-0 Be6 10. h3 Qd7 11. Kh2 Rad8 12. exd5 Bxd5 13. Ne4 Nxe4 14. dxe4 Be6 15. Ba3 Rfe8 16. Qxd7 Rxd7 17. Rad1 Red8 18. Rxd7 Rxd7 19. Bc1 Nb4 20. f4 f6 21. f5 Bf7 22. Nc3 Nxc2 23. g4 g5 24. Rf2 Nb4 25. Bf1 c6 26. Be3 b5 27. a3 Nd3 28. Rd2 Nc5 29. Rxd7 Nxd7 30. Nxb5 cxb5 31. Bxb5 Nb6 32. a4 Bxb3 33. a5 Nc4 34. Bxa7 Nxa5 35. Bd7 Bf8 36. Kg3 Bb4 37. Bf2 Kf7 38. h4 h6 39. h5 Ke7 40. Bb5 Nc4 41. Bxc4 Bxc4 42. Bb6 Kd7 43. Kf3 Bb3 44. Ke2 Bc2 45. Kf3 Bd1+ 46. Kg3 Be1+ 47. Kh3 Bf3 48. Bc5 Ke8 49. Be3 Bxe4 50. Kh2 Bf3 51. Kh3 Bb4 0-1

[Event "London Classic op 11th"]
[Site "London"]
[Date "2019.11.29"]
[Round "1"]
[White "Cumming, Rhys"]
[Black "Phillips, Owen S"]
[Result "1-0"]
[WhiteElo "2284"]
[BlackElo "1902"]
[PlyCount "77"]
[EventDate "2019.11.29"]
[EventType "swiss"]
[EventRounds "9"]
[EventCountry "ENG"]
[SourceTitle "CBM 193 Extra"]
[Source "ChessBase"]
[SourceDate "2020.01.31"]
[SourceVersion "1"]
[SourceVersionDate "2020.01.31"]
[SourceQuality "1"]

1. e4 e6 2. d4 d5 3. Nd2 e5 4. dxe5 dxe4 5. Qe2 Qd5 6. Qxe4 Qxe4+ 7. Nxe4 Nc6 8. Bf4 Nge7 9. Nf3 Ng6 10. Bg3 Bb4+ 11. c3 Be7 12. Bd3 Bg4 13. Ned2 0-0-0 14. Bc2 Rd7 15. h3 Be6 16. Nb3 Kb8 17. 0-0 Bd5 18. Nbd4 Bc5 19. Ba4 Bxd4 20. Nxd4 Rdd8 21. Nxc6+ bxc6 22. Rfd1 h5 23. Rd2 h4 24. Bh2 Kb7 25. Rad1 Rdg8 26. Rd4 Rh5 27. c4 Be6 28. Re4 Rg5 29. f4 Rh5 30. Rd3 Ne7 31. Bd1 Rh6 32. Bf3 Kb6 33. Rb3+ Ka6 34. Rb4 c5 35. Rb3 Nc6 36. Rb5 Nd4 37. Rxc5 Kb6 38. b4 Rd8 39. Rxd4 1-0

[Event "Wch Seniors 50 28th"]
[Site "Bled"]
[Date "2018.11.28"]
[Round "10"]
[White "Kainz, Josef"]
[Black "Phillips, Owen S"]
[Result "1-0"]
[WhiteElo "1907"]
[BlackElo "1894"]
[PlyCount "89"]
[EventDate "2018.11.18"]
[EventType "swiss"]
[EventRounds "11"]
[EventCountry "SLO"]
[SourceTitle "CBM 187 Extra"]
[Source "ChessBase"]
[SourceDate "2018.11.04"]
[SourceVersion "1"]
[SourceVersionDate "2018.11.04"]
[SourceQuality "1"]

1. d4 Nf6 2. g3 d5 3. Nf3 c6 4. Bg2 Bf5 5. 0-0 e6 6. Nbd2 Nbd7 7. c4 Be7 8. b3 Ne4 9. h3 h5 10. Bb2 g5 11. Ne5 Nxd2 12. Qxd2 f6 13. Nxd7 Qxd7 14. a4 Kf7 15. Rfe1 g4 16. e4 dxe4 17. h4 Bf8 18. Bxe4 Bh6 19. Qc3 Bxe4 20. Rxe4 Bg7 21. d5 cxd5 22. cxd5 e5 23. Rc4 Qxd5 24. Rc5 Qf3 25. Rc7+ Kg6 26. Qc2+ e4 27. Re1 Rae8 28. Re3 Qf5 29. Rc5 Rc8 30. Rec3 Rxc5 31. Rxc5 Qe6 32. Rc7 Qd5 33. Re7 Qd3 34. Qc7 Qb1+ 35. Kg2 Rg8 36. Qc4 Rf8 37. Bd4 Qd1 38. Rxb7 Qf3+ 39. Kg1 Qd1+ 40. Kg2 Qf3+ 41. Kh2 Qd3 42. Qd5 a6 43. Qd7 Rg8 44. Qf7+ Kf5 45. Rd7 1-0

[Event "Wch Seniors 50 28th"]
[Site "Bled"]
[Date "2018.11.18"]
[Round "1"]
[White "Kastelic, Marian"]
[Black "Phillips, Owen S"]
[Result "1-0"]
[WhiteElo "2241"]
[BlackElo "1894"]
[PlyCount "49"]
[EventDate "2018.11.18"]
[EventType "swiss"]
[EventRounds "11"]
[EventCountry "SLO"]
[SourceTitle "CBM 187 Extra"]
[Source "ChessBase"]
[SourceDate "2018.11.04"]
[SourceVersion "1"]
[SourceVersionDate "2018.11.04"]
[SourceQuality "1"]

1. d4 Nf6 2. Nf3 g6 3. c4 Bg7 4. Nc3 d6 5. e4 0-0 6. Be3 e5 7. d5 Nbd7 8. Bd3 b6 9. h3 Nc5 10. Bc2 a5 11. g4 Ne8 12. Qd2 f5 13. gxf5 gxf5 14. Bg5 Qd7 15. exf5 Rxf5 16. Nh4 Rf7 17. 0-0-0 Ba6 18. Qe2 e4 19. Nxe4 Na4 20. b3 Nb2 21. Rdg1 a4 22. Bh6 axb3 23. axb3 b5 24. Bxg7 Nxg7 25. Qh5 1-0

[Event "London Classic op"]
[Site "London"]
[Date "2017.12.07"]
[Round "7"]
[White "Phillips, Owen S"]
[Black "Russell, Christopher"]
[Result "0-1"]
[WhiteElo "1912"]
[BlackElo "2103"]
[PlyCount "150"]
[EventDate "2017.12.02"]
[EventType "swiss"]
[EventRounds "9"]
[EventCountry "ENG"]
[SourceTitle "CBM 182 Extra"]
[Source "ChessBase"]
[SourceDate "2018.02.23"]
[SourceVersion "1"]
[SourceVersionDate "2018.02.23"]
[SourceQuality "1"]

1. e4 e6 2. d4 d5 3. exd5 exd5 4. Bd3 Nc6 5. c3 Bd6 6. Ne2 Nf6 7. Bf4 0-0 8. 0-0 Re8 9. Bxd6 Qxd6 10. Ng3 Ne7 11. Re1 Bd7 12. Na3 Ng6 13. Qc2 c6 14. Bf5 Bxf5 15. Qxf5 Re6 16. Rxe6 Qxe6 17. Qxe6 fxe6 18. Re1 Re8 19. f3 e5 20. dxe5 Nxe5 21. Rd1 g6 22. h3 h5 23. Kf2 Kf7 24. b3 g5 25. Nf5 Kg6 26. Nd4 g4 27. Ne2 Rf8 28. Kg3 h4+ 29. Kf4 gxf3 30. Kxe5 Re8+ 31. Kf4 Rxe2 32. gxf3 Rxa2 33. Rg1+ Kf7 34. Nb1 Rh2 35. c4 Rxh3 36. cxd5 Nxd5+ 37. Kg4 Rh2 38. Na3 Rb2 39. Rb1 Rf2 40. Nc4 Ke6 41. Kxh4 Rxf3 42. Kg4 Rf4+ 43. Kg3 Rd4 44. Re1+ Kd7 45. Ne5+ Kd6 46. Nf7+ Kc5 47. Rc1+ Kb6 48. Ne5 Rb4 49. Nd7+ Kc7 50. Nc5 Kd6 51. Kf3 b6 52. Ne4+ Kc7 53. Nd2 b5 54. Ke2 a5 55. Kd3 Kb6 56. Kc2 Rd4 57. Kd1 c5 58. Ke2 Nf4+ 59. Kd1 a4 60. bxa4 Rxa4 61. Rb1 Nd5 62. Ke1 c4 63. Rd1 Ne3 64. Rc1 Kc5 65. Ke2 Nd5 66. Ne4+ Kd4 67. Nd6 Nc3+ 68. Kf3 b4 69. Nf5+ Kd3 70. Re1 Kd2 71. Rg1 b3 72. Ne3 Kd3 73. Rg8 Nb5 74. Rd8+ Nd4+ 75. Kf4 c3 0-1

[Event "BCF-ch Seniors 50"]
[Site "Llandudno"]
[Date "2017.08.01"]
[Round "3"]
[White "Fallowfield, Nicholas"]
[Black "Phillips, Owen S"]
[Result "1-0"]
[WhiteElo "1901"]
[BlackElo "1933"]
[PlyCount "43"]
[EventDate "2017.07.30"]
[EventType "swiss"]
[EventRounds "7"]
[EventCountry "WLS"]
[SourceTitle "CBM 179 Extra"]
[Source "ChessBase"]
[SourceDate "2017.08.23"]
[SourceVersion "1"]
[SourceVersionDate "2017.08.23"]
[SourceQuality "1"]

1. Nf3 d5 2. c4 Nf6 3. cxd5 Nxd5 4. d4 e6 5. e4 Nf6 6. Nc3 b6 7. Ne5 c6 8. Be3 Bb7 9. Qa4 Nfd7 10. Nf3 a5 11. Rd1 Bb4 12. Bd3 b5 13. Qc2 h6 14. 0-0 g5 15. d5 g4 16. dxc6 gxf3 17. cxb7 Rg8 18. g3 Qh4 19. Rfe1 Ne5 20. bxa8Q Bd6 21. Bxb5+ Ke7 22. Rxd6 1-0

[Event "BCF-ch Seniors 50"]
[Site "Llandudno"]
[Date "2017.07.31"]
[Round "2"]
[White "Phillips, Owen S"]
[Black "Towers, Nigel S"]
[Result "1/2-1/2"]
[WhiteElo "1933"]
[BlackElo "1795"]
[PlyCount "116"]
[EventDate "2017.07.30"]
[EventType "swiss"]
[EventRounds "7"]
[EventCountry "WLS"]
[SourceTitle "CBM 179 Extra"]
[Source "ChessBase"]
[SourceDate "2017.08.23"]
[SourceVersion "1"]
[SourceVersionDate "2017.08.23"]
[SourceQuality "1"]

1. e4 c6 2. d4 d5 3. Nc3 dxe4 4. Nxe4 Bf5 5. Ng3 Bg6 6. h4 h6 7. Nf3 Nd7 8. h5 Bh7 9. Bd3 Bxd3 10. Qxd3 e6 11. Bf4 Qa5+ 12. c3 Ngf6 13. b4 Qb6 14. Rb1 Be7 15. 0-0 0-0 16. Rfe1 Nd5 17. Bd2 Qc7 18. Ne5 Rad8 19. Qe2 N7f6 20. c4 Nb6 21. Be3 Rfe8 22. f4 Bf8 23. Rec1 Qb8 24. Rb3 Nc8 25. Bf2 Nd6 26. Rcb1 Qc8 27. a4 Qc7 28. Qf3 Rc8 29. c5 Nf5 30. Ne2 Nd5 31. g4 Nfe7 32. Qe4 Nf6 33. Qg2 Nfd5 34. Bg3 Qd8 35. Nc4 Qd7 36. Nd6 Red8 37. Nxc8 Rxc8 38. Qf3 Qd8 39. b5 b6 40. Rc1 cxb5 41. axb5 Nc7 42. c6 Qd5 43. Qd3 f5 44. Ra1 Ra8 45. g5 Qd6 46. Rba3 a5 47. bxa6 Qxc6 48. a7 Ned5 49. Rb3 Qb7 50. gxh6 gxh6 51. Bh4 Rxa7 52. Rxa7 Qxa7 53. Bd8 Qb8 54. Qg3+ Bg7 55. Qh4 Kf7 56. Rg3 Bf6 57. Bxf6 Nxf6 58. Rg6 Ng4 1/2-1/2

[Event "BCF-ch Seniors 50"]
[Site "Llandudno"]
[Date "2017.07.30"]
[Round "1"]
[White "Brooks, Phil J"]
[Black "Phillips, Owen S"]
[Result "1-0"]
[WhiteElo "2191"]
[BlackElo "1933"]
[PlyCount "97"]
[EventDate "2017.07.30"]
[EventType "swiss"]
[EventRounds "7"]
[EventCountry "WLS"]
[SourceTitle "CBM 179 Extra"]
[Source "ChessBase"]
[SourceDate "2017.08.23"]
[SourceVersion "1"]
[SourceVersionDate "2017.08.23"]
[SourceQuality "1"]

1. d4 Nf6 2. c4 c5 3. d5 b5 4. cxb5 a6 5. bxa6 g6 6. Nc3 Bxa6 7. e4 Bxf1 8. Kxf1 d6 9. Nge2 Bg7 10. h3 0-0 11. Kg1 Nbd7 12. Kh2 Qa5 13. Rb1 Rfb8 14. Qc2 Qa6 15. Rd1 Nb6 16. b3 Ne8 17. Bb2 Nc7 18. Ba1 Nb5 19. Nxb5 Qxb5 20. a4 Qa6 21. Bxg7 Kxg7 22. Ra1 Nd7 23. Nc3 c4 24. Nb5 cxb3 25. Qb2+ f6 26. Nc7 Qb7 27. Nxa8 Rxa8 28. Rdb1 Nc5 29. Qd4 Ra5 30. f3 Qa6 31. Qb4 Qa7 32. Ra3 Qa8 33. Rba1 Qa7 34. Rb1 Qa8 35. Rbxb3 Nxb3 36. Qxb3 Qa7 37. Qb4 Qc5 38. Qxc5 dxc5 39. Kg3 Kf7 40. Kf4 e5+ 41. Ke3 Ke7 42. Kd3 Kd6 43. Kc4 f5 44. Ra2 f4 45. Kb3 g5 46. Ka3 Ra6 47. Rb2 c4 48. Kb4 Rb6+ 49. Kc3 1-0

[Event "Guernsey op 41st"]
[Site "Vale"]
[Date "2015.10.21"]
[Round "4"]
[White "Phillips, Owen S"]
[Black "Upton, Ian J"]
[Result "0-1"]
[WhiteElo "1947"]
[BlackElo "2255"]
[PlyCount "62"]
[EventDate "2015.10.18"]
[EventType "swiss"]
[EventRounds "7"]
[EventCountry "GCI"]
[SourceTitle "EXT 2017"]
[Source "ChessBase"]
[SourceDate "2016.10.25"]
[SourceVersion "1"]
[SourceVersionDate "2016.10.25"]
[SourceQuality "1"]

1. d4 d5 2. g3 c6 3. Bg2 Bf5 4. c3 Nf6 5. f3 h6 6. Nh3 e6 7. Nf2 Be7 8. e4 Bh7 9. 0-0 0-0 10. e5 Nfd7 11. Be3 c5 12. Qd2 Nc6 13. f4 Qb6 14. g4 f6 15. f5 cxd4 16. cxd4 fxe5 17. fxe6 exd4 18. Bxd4 Nxd4 19. exd7 Bg5 20. Bxd5+ Kh8 21. Qd1 Nc2 22. Na3 Nxa1 23. Nc4 Qc7 24. Qxa1 Qxd7 25. Bg2 Rac8 26. Ne5 Qd6 27. Nf3 Be3 28. Kh1 Rc2 29. Qe1 Bxf2 30. Rxf2 Rxf2 31. Qxf2 Be4 0-1

[Event "Guernsey op 41st"]
[Site "Vale"]
[Date "2015.10.19"]
[Round "2"]
[White "Phillips, Owen S"]
[Black "Curtis, John E"]
[Result "1/2-1/2"]
[WhiteElo "1947"]
[BlackElo "2101"]
[PlyCount "23"]
[EventDate "2015.10.18"]
[EventType "swiss"]
[EventRounds "7"]
[EventCountry "GCI"]
[SourceTitle "EXT 2017"]
[Source "ChessBase"]
[SourceDate "2016.10.25"]
[SourceVersion "1"]
[SourceVersionDate "2016.10.25"]
[SourceQuality "1"]

1. e4 d6 2. d4 Nf6 3. Nc3 e5 4. dxe5 dxe5 5. Qxd8+ Kxd8 6. Bc4 Bb4 7. Bd2 Ke7 8. f3 Be6 9. Bxe6 Kxe6 10. 0-0-0 c6 11. Nh3 h6 12. Nf2 1/2-1/2

[Event "Bournemouth op 4th"]
[Site "Bournemouth"]
[Date "2015.06.21"]
[Round "5"]
[White "Phillips, Owen S"]
[Black "Pleasants, Allan J"]
[Result "1/2-1/2"]
[WhiteElo "1942"]
[BlackElo "2120"]
[PlyCount "30"]
[EventDate "2015.06.19"]
[EventType "swiss"]
[EventRounds "5"]
[EventCountry "ENG"]
[SourceTitle "CBM 167 Extra"]
[Source "ChessBase"]
[SourceDate "2015.09.14"]
[SourceVersion "1"]
[SourceVersionDate "2015.09.14"]
[SourceQuality "1"]

1. e3 d5 2. b3 Nf6 3. Bb2 Bf5 4. Nf3 e6 5. d3 c5 6. Ne5 Nc6 7. Nxc6 bxc6 8. Be2 Bg6 9. f4 c4 10. 0-0 cxd3 11. cxd3 Qb6 12. Qc1 Rc8 13. Nc3 c5 14. Na4 Qc6 15. Qd1 Be7 1/2-1/2

[Event "Bournemouth op 4th"]
[Site "Bournemouth"]
[Date "2015.06.19"]
[Round "1"]
[White "Pafura, Godfrey"]
[Black "Phillips, Owen S"]
[Result "1/2-1/2"]
[WhiteElo "2061"]
[BlackElo "1942"]
[PlyCount "103"]
[EventDate "2015.06.19"]
[EventType "swiss"]
[EventRounds "5"]
[EventCountry "ENG"]
[SourceTitle "CBM 167 Extra"]
[Source "ChessBase"]
[SourceDate "2015.09.14"]
[SourceVersion "1"]
[SourceVersionDate "2015.09.14"]
[SourceQuality "1"]

1. d4 c6 2. Nf3 g6 3. e4 Bg7 4. Be2 Na6 5. 0-0 Nc7 6. Re1 d5 7. Nc3 e6 8. Bf4 Nf6 9. Bg5 h6 10. Bh4 g5 11. e5 gxh4 12. exf6 Bxf6 13. Bf1 b6 14. Ne5 Bxe5 15. Rxe5 Qf6 16. Qh5 Bd7 17. Rd1 Rg8 18. Rd3 Rg5 19. Rf3 Qg7 20. Qxh4 0-0-0 21. Ne2 f6 22. Ree3 Rg8 23. Rg3 e5 24. dxe5 fxe5 25. Rxg5 hxg5 26. Qa4 Kb8 27. Ng3 c5 28. Qb3 Be6 29. Re1 Rd8 30. Qe3 e4 31. b4 cxb4 32. Rb1 Qc3 33. Qxg5 Rg8 34. Qf4 Qc5 35. Qd2 a5 36. Ne2 Nb5 37. a4 Na3 38. Rc1 Nc4 39. Qh6 Re8 40. Nf4 Bd7 41. Bxc4 dxc4 42. Rd1 e3 43. fxe3 Qxe3+ 44. Kf1 Re4 45. Qf8+ Re8 46. Qd6+ Ka8 47. h3 Re5 48. Qf8+ Re8 49. Qf6 Bxa4 50. Rd8+ Rxd8 51. Qxd8+ Ka7 52. Qc7+ 1/2-1/2

[Event "Guernsey op 40th"]
[Site "Vale"]
[Date "2014.10.23"]
[Round "5"]
[White "Fulton, Anthony John"]
[Black "Phillips, Owen S"]
[Result "0-1"]
[WhiteElo "2026"]
[BlackElo "1915"]
[PlyCount "58"]
[EventDate "2014.10.19"]
[EventType "swiss"]
[EventRounds "7"]
[EventCountry "GCI"]
[SourceTitle "EXT 2016"]
[Source "ChessBase"]
[SourceDate "2015.10.08"]
[SourceVersion "1"]
[SourceVersionDate "2015.10.08"]
[SourceQuality "1"]

1. e4 c5 2. Nf3 d6 3. d4 cxd4 4. Nxd4 Nf6 5. Nc3 Bd7 6. Bc4 a6 7. Bb3 Nc6 8. Bg5 Qa5 9. Be3 Nxe4 10. Qd3 Nxc3 11. bxc3 Nxd4 12. Bxd4 e5 13. Be3 Be7 14. 0-0 0-0 15. Rfd1 Bc6 16. Bd5 Bxd5 17. Qxd5 Qxd5 18. Rxd5 Rac8 19. Bd2 Rc6 20. Rb1 b6 21. Rd3 f5 22. Rh3 h6 23. Be3 Rxc3 24. Rxb6 f4 25. Bd2 Rxc2 26. Be1 Rxa2 27. Rc3 Kf7 28. Rcc6 a5 29. Rb5 Ra8 0-1

[Event "London Classic op 5th"]
[Site "London"]
[Date "2013.12.13"]
[Round "7"]
[White "Puccini, Jack"]
[Black "Phillips, Owen S"]
[Result "1-0"]
[WhiteElo "2073"]
[BlackElo "1913"]
[PlyCount "63"]
[EventDate "2013.12.07"]
[EventType "swiss"]
[EventRounds "9"]
[EventCountry "ENG"]
[SourceTitle "CBM 157 Extra"]
[Source "ChessBase"]
[SourceDate "2013.12.19"]
[SourceVersion "1"]
[SourceVersionDate "2013.12.19"]
[SourceQuality "1"]

1. c4 c5 2. Nc3 Nc6 3. g3 g6 4. Bg2 Bg7 5. e3 e5 6. Nge2 d6 7. a3 Be6 8. Nd5 Bxd5 9. cxd5 Nce7 10. 0-0 f5 11. d4 b6 12. b4 cxb4 13. axb4 Nh6 14. dxe5 Bxe5 15. Nd4 Nf7 16. Ra2 h5 17. Bb2 h4 18. f4 Bxd4 19. Bxd4 Rh7 20. g4 h3 21. Bf3 fxg4 22. Bxg4 Nxd5 23. Bf3 Ne7 24. Qa4+ Kf8 25. Bxa8 Qxa8 26. Qxa7 Qxa7 27. Rxa7 Nc6 28. Ra8+ Ke7 29. Rc1 Nxd4 30. Rc7+ Ke6 31. Re8+ Kd5 32. e4# 1-0

[Event "BCF-ch Major op"]
[Site "Torquay"]
[Date "2013.08.03"]
[Round "6.107"]
[White "Oliver, Martin"]
[Black "Phillips, Owen S"]
[Result "1/2-1/2"]
[WhiteElo "1842"]
[BlackElo "1937"]
[PlyCount "71"]
[EventDate "2013.07.29"]
[EventType "swiss"]
[EventRounds "11"]
[EventCountry "ENG"]
[SourceTitle "EXT 2023"]
[Source "ChessBase"]
[SourceDate "2022.10.05"]
[SourceVersion "1"]
[SourceVersionDate "2022.10.05"]
[SourceQuality "1"]

1. d4 Nf6 2. c4 c5 3. d5 b5 4. cxb5 a6 5. bxa6 Bxa6 6. Nc3 g6 7. Nf3 Bg7 8. g3 d6 9. Bg2 Nbd7 10. Rb1 0-0 11. 0-0 Qc7 12. Qc2 Rfb8 13. Rd1 Qa7 14. h3 Qb7 15. b3 Ne8 16. Bb2 Nc7 17. Nd2 Nb6 18. e4 Qa7 19. Re1 Nd7 20. Bf1 Ne5 21. Bxa6 Qxa6 22. Re3 c4 23. bxc4 Nxc4 24. Nxc4 Qxc4 25. Qd3 Qxd3 26. Rxd3 Ne8 27. Bc1 Rxb1 28. Nxb1 Rxa2 29. Be3 f5 30. Nd2 Nf6 31. exf5 gxf5 32. Nc4 Ra4 33. Nb6 Ra5 34. Bg5 Kf7 35. Bxf6 Bxf6 36. Nc4 1/2-1/2